| 000 | 00452nam a2200109Ia 4500 | ||
|---|---|---|---|
| 008 | 160909s9999 xx 000 0 und d | ||
| 100 | _aMacias, Jacqueline J | ||
| 245 | _aEspoused and practiced stakeholder engagement in support of corporate social responsibility within the United States healthcare sector | ||
| 260 |
_bPepperdine University _c2016 |
||
| 650 | _aFINANCIAL MANAGEMENT | ||
| 856 | _uhttp://pqdtopen.proquest.com/doc/1807413505.html?FMT=ABS | ||
| 999 |
_c304543 _d304543 |
||